Uno___ dos___ y tres /

Sábháilte in:
Sonraí bibleagrafaíochta
Príomhchruthaitheoir: Villarreal, Beatriz (autor)
Rannpháirtithe: Iñigo D., Laura (ilustración) (ilustración)
Formáid: LEABHAR
Teanga:Spáinnis
Foilsithe / Cruthaithe: México : Técnicas Educativas, 1987, c1987
Eagrán:2a edición
Sraith:(Cuentos Iniciales)
Ábhair:
Clibeanna: Cuir clib leis
Níl clibeanna ann, Bí ar an gcéad duine le clib a chur leis an taifead seo!

MARC

LEADER 00000nam^a2200000^a^4500
001 000024607
005 20250521000000.0
009 20260310084619.026
037 |a Acervo ITESO - Biblioteca 
041 |a ESP 
082 |a 808. 899282  |b VIL 
100 |a Villarreal, Beatriz  |e (autor) 
245 1 0 |a Uno___ dos___ y tres /  |c B. Villarreal ; il. de L. Iñigo D. 
250 |a 2a edición 
264 4 |a México :  |b Técnicas Educativas,  |c 1987, c1987 
300 |a 16 p. 
336 |a texto  |b txt  |2 rdacontenido 
337 |a sin mediación  |b n  |2 rdamedio 
338 |a volumen  |b nc  |2 rdasoporte 
440 1 |a (Cuentos Iniciales) 
649 |a XX 
650 |a Cuentos Infantiles 
650 |a Cuentos Mexicanos 
650 |a Literatura Mexicana -  |y Siglo XX 
650 |a Literatura de Mujeres -  |z México 
650 |a Literatura Infantil 
650 |a Apoyos Didácticos 
650 |a Cultura Política 
650 |a Vida Pública 
650 |a Interacción Social 
700 |a Iñigo D., Laura  |e (ilustración) 
910 |a Fondo General 
920 |a Impresos - Libros 
930 |a Colección General 
940 |a Literatura 
905 |a 101 
901 |a 0246070100  |b IT1  |c LIT  |i 024607  |u 20250521 
902 |a https://opac.biblio.iteso.mx/vufind/Record/000024607